Top 10 Countries With The Highest Crime Rate In The World - Statistics

General Stats
  • This quiz has been taken 749 times
  • The average score is 5 of 10
Answer Stats
Rank Country % Correct
1 United States
96%
4 Russia
79%
3 France
61%
2 Germany
58%
6 Canada
54%
5 Italy
54%
9 Spain
54%
8 Poland
41%
10 Netherlands
29%
7 Chile
21%
No matching quizzes found
Score Distribution
Percent of People with Each Score
Percentile by Number Answered
Your Score History
You have not taken this quiz